000 01755nam a22004577a 4500
003 CHAP
005 20220329143335.0
008 081003s2008 mx r 00010 spa d
010 _a95202
011 _a96174
035 _a106821
040 _cCHAP
090 _aTesis
100 1 _aTorres Herrera, Juan
_9114142
245 1 0 _aIdentificación de la falsa arañita de la vid (Brevipalpus chilansis Baker.), en punto de entrada de Lázaro Cárdenas, Michoacán
_c/por Juan Torres Herrera
260 _aChapingo, Méx. :
_bEl autor,
_c2008
300 _aiii, 89 h. :
_bilus., gráfs.
502 _aTesis (Ing. Agr. Esp. en Parasitología Agrícola) -- UACH. Departamento de Parasitología Agrícola
530 _aTambién disponible en línea
590 _aALEPH
_b10
_c20130110
_lUCH01
_h1524
590 _aBATCH-UPD
_b10
_c20130110
_lUCH01
_h0125
590 _aBATCH-UPD
_b10
_c20130110
_lUCH01
_h1344
590 _aBATCH-UPD
_b10
_c20130410
_lUCH01
_h0844
590 _aBATCH-UPD
_b10
_c20130914
_lUCH01
_h1445
590 _aBATCH-UPD
_b10
_c20140324
_lUCH01
_h1507
590 _aBATCH-UPD
_b10
_c20141002
_lUCH01
_h0837
590 _aCONVERSION
_b10
_c20130109
_lUCH01
_h1353
650 1 4 _aÁcaros
_xIdentificación.
_982380
650 1 4 _aAranas.
_96524
650 1 4 _aFruta
_xCuarentena.
_943606
650 1 4 _aFruta
_xImportación.
_943624
650 1 4 _aFruta
_xMercadeo
_zChile.
_943643
650 1 4 _aUva
_xPlagas.
_9117135
650 1 4 _aVid
_xPlagas.
_9119131
856 _3Finding aid
_uhttp://10.13.5.2/tesis/106821.pdf
_zTeclea aqui
901 _aBK
905 _aluisgm
942 _cFOLL
949 _aTesis
_bBC
_cTES
_d33724002071736
_eTS1
_gDonaciØn
_h48167
_i106821
_sb
949 _aTesis
_bBC
_cTES
_d33724002071777
_eTS2
_fc.2
_gDonaciØn
_h48168
_i106821
_si
999 _c95202
_d95202